000 00537nam a22001817a 4500
005 20251108173307.0
008 250721s2006 xx 000 0 ara d
020 _a9953366365
082 1 4 _a415.1/جوا
100 1 _aالجواري، أحمد عبد الستار
245 1 0 _aنحو التيسير /
264 1 _aبيروت :
_bالمؤسسة العربية للدراسات و النشر،
_c2006.
300 _a139ص.
650 1 7 _aقواعد اللغة
650 1 7 _aالإعراب
942 _2ddc
_cBK
999 _c100547
_d100547